000
00257nam a2200121Ia 4500
082
_a
615.4
_b
P15A
100
_a
ACHAYULU, G.V.R.
245
_a
PHARMACY ADMINISTRATION
260
_b
CBS- DELHI
300
_a
185
650
_a
ADMINISTRATIION
942
_2
ddc
_c
BK
999
_c
7170
_d
7170